Bosses in the Legend of Zelda series? Quiz Stats

 Plays Quiz not verified by Sporcle

Score 0/94 Timer 15:00
0 Plays Today
Game % Correct
The Legend of ZeldaGanon
95.3%
Ocarina of TimeGanondorf
91.6%
The Legend of ZeldaGohma
72.3%
Ocarina of TimePhantom Ganon
70.2%
Ocarina of TimeTwinrova
68.1%
Ocarina of TimeKing Dodongo
63.4%
Ocarina of TimeQueen Gohma
62.8%
Ocarina of TimeBongo Bongo
62.8%
Majora's MaskMajora's Mask
61.8%
Ocarina of TimeVolvagia
59.2%
Ocarina of TimeMorpha
59.2%
The Legend of ZeldaDodongo
55%
Ocarina of TimeBarinade
52.9%
Majora's MaskMajora's Wrath
52.4%
Majora's MaskGoht
51.3%
Four Sword AdventuresVaati
50.8%
Twilight PrincessZant
48.7%
Majora's MaskMajora's Incarnation
46.1%
Majora's MaskTwinmold
44.5%
Majora's MaskGyorg
44%
The Wind WakerPuppet Ganon
44%
Majora's MaskOdolwa
43.5%
Twilight PrincessMorpheel
42.4%
Twilight PrincessBlizzeta
41.4%
The Adventure of LinkShadow Link
39.8%
The Legend of ZeldaGleeok
38.7%
A Link to the PastAgahnim
35.6%
The Legend of ZeldaAquamentus
35.1%
Twilight PrincessDiababa
34.6%
Twilight PrincessArmogohma
34.6%
Twilight PrincessFyrus
34%
A Link to the PastMoldorm
32.5%
Game % Correct
The Wind WakerHelmaroc King
32.5%
Twilight PrincessStallord
32.5%
The Wind WakerJalhalla
31.4%
A Link to the PastMothula
30.9%
The Adventure of LinkHorsehead
30.4%
A Link to the PastArmos Knights
30.4%
Oracle of SeasonsOnox
30.4%
Link's AwakeningNightmare
29.8%
The Legend of ZeldaDigdogger
29.3%
Oracle of AgesVeran
29.3%
The Wind WakerMolgera
29.3%
Twilight PrincessArgorok
28.8%
The Legend of ZeldaManhandla
27.2%
A Link to the PastHelmasaur King
27.2%
A Link to the PastTrinexx
27.2%
A Link to the PastBlind the Thief
26.7%
The Wind WakerKalle Demos
26.7%
The Wind WakerGohdan
26.7%
The Adventure of LinkThunderbird
25.7%
A Link to the PastKholdstare
24.6%
Twilight PrincessPuppet Zelda
23.6%
A Link to the PastLanmolas
23%
A Link to the PastArrghus
23%
Phantom HourglassBellum
23%
The Adventure of LinkHelmethead
22.5%
The Minish CapBig Green Chuchu
22%
The Adventure of LinkIronknuckle
20.9%
A Link to the PastVitreous
20.9%
Link's AwakeningGenie
20.9%
Link's AwakeningAngler Fish
19.9%
Link's AwakeningFacade
19.9%
Link's AwakeningEvil Eagle
19.9%
Game % Correct
The Minish CapBig Octorok
19.9%
Link's AwakeningHot Head
18.8%
A Link to the PastBall & Chain Trooper
18.3%
The Minish CapGleerok
18.3%
Phantom HourglassBlaaz
18.3%
Oracle of AgesPumpkin Head
17.3%
Link's AwakeningSlime Eel
16.2%
The Adventure of LinkCarock
15.7%
The Adventure of LinkGooma
15.7%
Oracle of AgesShadow Hag
15.7%
Oracle of SeasonsMedusa Head
15.2%
Oracle of AgesHead Thwomp
15.2%
The Minish CapMazaal
15.2%
Phantom HourglassEox
15.2%
The Minish CapGyorg Pair
14.7%
Phantom HourglassCyclok
14.7%
Phantom HourglassDongorongo
14.7%
Oracle of SeasonsDark Dragon
14.1%
Oracle of AgesSmog
14.1%
Phantom HourglassCrayk
14.1%
Phantom HourglassCubus Sisters
14.1%
Link's AwakeningSlime Eyes
13.6%
Oracle of AgesEyesoar
13.6%
Oracle of AgesPlasmarine
13.1%
The Adventure of LinkBarba
12.6%
Oracle of AgesOctogon
12%
Four Sword AdventuresFrostare
12%
Oracle of AgesRamrock
11.5%
Four Sword AdventuresStone Arrghus
11%
Oracle of AgesPossessed Nayru
9.4%

You're not logged in!

Compare scores with friends on all Sporcle quizzes.
OR
Log In

Show Comments

Extras

Top Quizzes Today


Score Distribution

Your Account Isn't Verified!

In order to create a playlist on Sporcle, you need to verify the email address you used during registration. Go to your Sporcle Settings to finish the process.

Report this User

Report this user for behavior that violates our Community Guidelines.

Details: